Statistiques concernant Clic Quel animal associez-vous à cette marque?

Cliquez ici pour prendre le quiz!

Statistiques générales

  • Ce quiz a été pris 258 fois
  • Le résultat moyen est 19 sur 60

Statistiques - réponses

HintRéponse% Correct
MilkaVache
80%
DuracellLapin
79%
LacosteCrocodile
77%
TwitterOiseau
72%
Chocolat PoulainCheval
66%
FerrariCheval
63%
Red BullTaureau
58%
AuchanOiseau
57%
CamelDromadaire
56%
Feu vertChat
55%
NesquickLapin
54%
MustangCheval
52%
PeugeotLion
51%
ShellCoquille Saint-Jacques
50%
Ralph LaurenCheval
49%
PlayboyLapin
49%
NestléOiseau
48%
Caisse d'épargneEcureuil
42%
FirefoxPanda roux
42%
SwarowskiCygne
40%
Côte d'orEléphant
39%
PorscheCheval
38%
La PosteOiseau
37%
Télé ZChien
35%
ShebaChat
33%
SpontexHérisson
32%
Crédit LyonnaisLion
30%
La voix de son maîtreChien
28%
Nestlé ChocapicChien
28%
CasegrainLapin
27%
Metro-Goldwyn-Mayer
Lion
27%
CajolineOurs
27%
Alfa RoméoSerpent
27%
LamborghiniTaureau
27%
PathéCoq
26%
NRJPanthère
26%
ButaneOurs
23%
CésarChien
22%
MSNPapillon
21%
LaguioleAbeille
20%
ContinentalCheval
20%
Dulux ValentinePanthère
16%
DemecoCheval
14%
LynuxManchot
14%
GalakDauphin
13%
Michel & AugustinVache
12%
GeneraliLion
11%
LycosChien
10%
ProsperOurs
10%
OmoSinge
9%
EvernoteEléphant
8%
Leroy MerlinChat
7%
Black & WhiteChien
6%
NettoChat
5%
SimcaOiseau
5%
EssoTigre
5%
GuinessPélican
4%
ENILoup
1%
NokiaPoisson
1%
MonsavonVache
0%

Distribution des résultats

Percentile par nombre de réponses

% des personnes avec chaque résultat

Votre développement - résultats

Vous n’avez pas pris ce quiz